Catalogo de productos
Guardat en:
| Format: | Llibre |
|---|---|
| Idioma: | espanyol |
| Publicat: |
Santiago
Soinsa
2000
|
| Matèries: | |
| Etiquetes: |
Afegir etiqueta
Sense etiquetes, Sigues el primer a etiquetar aquest registre!
|
MARC
| LEADER | 00000nam a2200000 a 4500 | ||
|---|---|---|---|
| 001 | UCI2283 | ||
| 003 | CL-VaPUC | ||
| 008 | 070810e20000000CL |||||||||||||||||spa|d | ||
| 082 | 0 | 4 | |a 624.15 |b CAT |2 21 |
| 245 | 1 | 0 | |a Catalogo de productos |
| 942 | |c BK | ||
| 945 | |d 20070810 00:00:00 |a jtorresc | ||
| 260 | |a Santiago |b Soinsa |c 2000 | ||
| 650 | 7 | |a TECNOLOGIA DE LA CONSTRUCCION |2 CL-VaPUC |9 260196 | |
| 650 | 0 | |a Catálogos |9 256258 | |
| 650 | 7 | |a ESTRUCTURAS DE CONSTRUCCION |2 CL-VaPUC |9 523229 | |
| 650 | 0 | |a Ingeniería civil |9 260076 | |
| 583 | |a last modification |c 20070810 00:00:00 |k Rodrigo Vera | ||
| 999 | |c 326901 |d 326899 | ||
| 952 | |0 0 |1 0 |4 0 |6 624_150000000000000_CAT_2000 |7 0 |8 F |9 409156 |a BIBING |b BIBING |d 2019-11-22 |i 4359852 |o 624.15 CAT 2000 |p 4359852 |r 2025-01-20 |w 2019-11-22 |y BK_F |k CIC | ||